Charlie Chalk Characters Quiz Stats

Quiz not verified by Sporcle

Challenge
Share
Tweet
Embed
Score 0/9 Timer 05:00
0 Plays Today
Quote Character % Correct
A clown's always got to look his best.Charlie Chalk
100%
Of course I'm right. I'm always right. It's atrocious, ludicrous, inexcusable!Lewis T. Duck
77.8%
It's a coookery boook!Trader Jones
72.2%
Just look at this place. It's an absolute mess.Litter Bug
72.2%
Maybe I'd better keep you company somewhere else.Arnold the Elephant
66.7%
Well, A, that looks probable, and B, it is also very possible.Captain Mildred
61.1%
Spiders and ticks, cakes from mix, seventy-six, magic tricks!Mary the Hover Fairy
61.1%
You're Even Bigger Than Me? That's a funny name!Bert the Monster
61.1%
I was up all night sleepwalking. I need some rest.Edward the Monkey
55.6%

You're not logged in!

Compare scores with friends on all Sporcle quizzes.
Join for Free
OR
Log In

You Might Also Like...

Show Comments

Extras

Top Quizzes Today


Score Distribution

Your Account Isn't Verified!

In order to create a playlist on Sporcle, you need to verify the email address you used during registration. Go to your Sporcle Settings to finish the process.

Report this User

Report this user for behavior that violates our Community Guidelines.

Details: